MARC

LEADER 00000nam0a2200000 4500
001 265895
005 20231101233947.0
035 |a (RuTPU)RU\TPU\book\288897 
090 |a 265895 
100 |a 20140701d1986 k y0rusy50 ca 
101 0 |a rus 
102 |a RU 
105 |a y z 001zy 
200 1 |a Историческая наука  |e вопросы методологии  |f Академия общественных наук при ЦК КПСС ; под ред. Л. С. Гапоненко 
210 |a Москва  |c Мысль  |d 1986 
215 |a 261 с. 
320 |a Библиогр.: с. 241-260 
606 1 |a История  |x Методология  |2 stltpush  |3 (RuTPU)RU\TPU\subj\52419  |9 70872 
610 1 |a историография 
610 1 |a исторические закономерности 
610 1 |a историческое познание 
610 1 |a историческая реальность 
610 1 |a исторические исследования 
686 |a Т01  |v LBC/SL-A  |2 rubbk 
702 1 |a Гапоненко  |b Л. С.  |4 340 
712 0 2 |a Академия общественных наук при ЦК КПСС  |2 stltpush  |3 (RuTPU)RU\TPU\col\11311  |9 25033 
801 1 |a RU  |b 63413507  |c 20140701 
801 2 |a RU  |b 63413507  |c 20220928  |g RCR 
942 |c BK